000 00439nam a2200145 i 4500
001 79781
003 ES-MaACL
007 t|
008 041025s1953 sp ||||1| spa d
100 1 _aHerrero Conesa, David.
_963302
245 1 0 _aTratado práctico de las enfermedades del ganado lanar /
_cDavid Herrero Conesa.
260 _aZaragoza :
_bHeraldo de Aragón,
_c1953.
300 _a199 p. ;
_c21 cm.
852 _aES-MaACL
_jC-5852
_bR.33454
999 _c79781
_d79781